Capoluoghi che iniziano con la M - Statistics

Statistiche generali
  • Questo quiz è stato fatto 72 volte
  • Il punteggio medio è 8 su 8
Statistiche sulle risposte
Popolazione (ab.) Regione Capoluogo % Corretto
60 459 Basilicata Matera
100%
1 372 810 Lombardia Milano
98%
41 776 Marche Macerata
95%
49 445 Lombardia Mantova
95%
233 068 Sicilia Messina
93%
121 799 Lombardia Monza
93%
185 045 Emilia-Romagna Modena
92%
72 037 Toscana Massa
88%
Nessun quiz corrispondente trovato
Distribuzione punteggi
Percentuale di utenti per punteggio
Percentile per numero di risposta
I tuoi punteggi nel tempo
Non hai fatto questo quiz